LEADER 02290 am 22006013u 450 001 9910137645403321 005 20200520144314.0 010 $a1-922144-51-7 010 $a1-922144-50-9 035 $a(CKB)3170000000065242 035 $a(EBL)4602464 035 $a(SSID)ssj0001680269 035 $a(PQKBManifestationID)16496235 035 $a(PQKBTitleCode)TC0001680269 035 $a(PQKBWorkID)15028490 035 $a(PQKB)10076050 035 $a(WaSeSS)IndRDA00057578 035 $a(WaSeSS)IndRDA00124349 035 $a(Au-PeEL)EBL4602464 035 $a(CaPaEBR)ebr11237590 035 $a(OCoLC)839545788 035 $a(NjHacI)993170000000065242 035 $a(MiAaPQ)EBC4602464 035 $a(EXLCZ)993170000000065242 100 $a20160811h20122012 uy 0 101 0 $aeng 135 $aur|n|---||||| 181 $ctxt 182 $cc 183 $acr 200 00$aElectoral systems in divided societies $ethe Fiji constitution 210 1$aCanberra, Australia :$cAustralian National University E Press,$d2012. 210 4$dİ2012 215 $a1 online resource (167 p.) 300 $aDescription based upon print version of record. 320 $aIncludes bibliographical references at the end of each chapters. 327 $aPreliminary; Contributors; Abbreviations; Introduction; 1. Encouraging electoral accommodation in divided societies; 2. Fiji Constitution Review Commission recommendations for a new electoral system for Fiji; 3. Constitutional engineering and the alternative vote in Fiji: an assessment; 4. Fiji's proposed new voting system: a critique with counter-proposals; 5. Party cooperation and the electoral system in Mauritius; 6. The recommendations on the electoral system: the contribution of the Fiji Constitution Review 606 $aElections$zFiji 606 $aConstitutions$zFiji 606 $aConstitutional history$zFiji 615 0$aElections 615 0$aConstitutions 615 0$aConstitutional history 676 $a324.99611 700 $aLal$b Brij V$0863726 702 $aLarmour$b Peter 801 0$bMiAaPQ 801 1$bMiAaPQ 801 2$bMiAaPQ 906 $aBOOK 912 $a9910137645403321 996 $aElectoral systems in divided societies$92921641 997 $aUNINA